Statistics for Words for Homes Quiz

Click here to take the quiz!

General Stats

  • This quiz has been taken 33,657 times
    (19,877 since last reset)
  • The average score is 18 of 27

Answer Stats

#ClueAnswer% Correct
1Typical homeHouse
97%
2Typical urban homeApartment
91%
12Like #11, but fortifiedCastle
90%
18Camper's dwelling made of
canvas and poles
Tent
88%
24Inuit ice dwellingIgloo
87%
8Like #1, but for rich peopleMansion
87%
23Like #1, but motorizedMotorhome
80%
19Native Americans version of #18Teepee
79%
5British version of #2Flat
78%
11Where a king livesPalace
75%
20Where a chicken livesCoop
73%
17Place where a monk livesMonastery
73%
9Like #2, but occupying the entire
top floor
Penthouse
73%
13On-campus student housing (U.S.)Dormitory
72%
14Housing for soldiersBarracks
70%
4A #1 divided into two #2'sDuplex
68%
3Like #2, but usually owned
instead of rented
Condominium
67%
22Home for a stylish bachelorPad
66%
15Rustic vacation homeCabin
58%
10Like #8, but with extensive groundsManor/Estate
57%
26Bear's homeDen
56%
25Primitive village homeHut
56%
6Like #1, but connected to
neighboring units
Townhouse
49%
21Hip-hop homeCrib
44%
7Semi-permanent Mongolian dwellingYurt
43%
16Another rustic vacation homeCottage
39%
27Moroccan version of #12Kasbah
6%

Score Distribution

Percentile by Number Answered

Percent of People with Each Score

Your Score History

You have not taken this quiz since the last reset